ბათუმის შოთა რუსთაველის სახელმწიფო უნივერსიტეტის ბიბლიოთეკა

რაც ერთხელ ცხოვლად სულს დააჩნდების (ი. ჭავჭავაძე, ა. წერეთელი, ი. გოგებაშვილი და ძველი ქართული მწერლობა) / (ბიბ.ჩანაწერი № 54860)

000 -ლიდერი
ფიქსირებული სიგრძის საკონტროლო ველი 01280nam a2200241Ia 4500
001 - საკონტროლო ნომერი
საკონტროლო ველი 21929
003 - საკონტროლო ნომრის იდენტიფიკატორი
საკონტროლო ველი GE_BSU
005 - ბოლო ოპერაციის თარიღი და დრო
საკონტროლო ველი 20220817131410.0
008 - ფიქსირებული სიგრძის მონაცემთა ელემენტები - ზოგადი ინფორმაცია
ფიქსირებული სიგრძის საკონტროლო ველი 181216s1992||||ge |||||||||||||| || ||
040 ## - კატალოგიზაციის წყარო
Transcribing agency GE_BSU
041 ## - ენის კოდი
Language code of text/sound track or separate title geo
080 ## - უნივერსალური ათობითი კლასიფიკაციის ინდექსი
Universal Decimal Classification number 821.353.1.092:37.01(479.22)(092გოგებაშვილი, ი.) მ-55
100 ## - მთავარი ჩანაწერი - პიროვნების სახელი
Personal name მენაბდე, ლ. (ლევან)
9 (RLIN) 14531
245 ## - ცნობა სათაურის შესახებ
Title რაც ერთხელ ცხოვლად სულს დააჩნდების (ი. ჭავჭავაძე, ა. წერეთელი, ი. გოგებაშვილი და ძველი ქართული მწერლობა) /
Statement of responsibility, etc ლ. (ლევან) მენაბდე ; რედ. ლ. გრიგოლაშვილი.
264 ## - წარმოების, გამოცემის, დისტრიბუციის და სხვა ცნობები
გამოცემის, წარმოების, დისტრიბუციის... ადგილი თბილისი :
გამოცემის, წარმოების, დისტრიბუციის... სახელწოდება თბილ. უნ-ტის გამ-ბა,
გამოცემის, წარმოების, დისტრიბუციის... თარიღი 1992.
300 ## - ფიზიკური აღწერა
Extent 134 გვ. ;
Dimensions 20 სმ.
653 ## - INDEX TERM--UNCONTROLLED
Uncontrolled term პედაგოგიკა
653 ## - INDEX TERM--UNCONTROLLED
Uncontrolled term რაც ერთხელ ცხოვლად სულს დააჩნდების
653 ## - INDEX TERM--UNCONTROLLED
Uncontrolled term ქართული ლიტერატურა
700 ## - ADDED ENTRY--PERSONAL NAME
Personal name გრიგოლაშვილი, ლ.
Relator term რედაქტორი
9 (RLIN) 14532
942 ## - ADDED ENTRY ELEMENTS (KOHA)
Koha item type წიგნი
Source of classification or shelving scheme
ეგზემპლარები
ჩამოწერის სტატუსი დაკარგული ეგზემპლარის სტატუსი კლასიფიკაციის წყარო ან თაროზე გაწყობის სქემა დაზიანების სტატუსი არ გაიცემა მუდმივი მდებარეობა (დაცვის ადგილი) ამჟამინდელი ადგილსამყოფელი თაროზე განთავსების ადგილი შეძენის თარიღი ღირებულება, შესყიდვის ნორმალური ფასი სრული შენახვის შიფრი შტრიხკოდი ბოლო ოპერაციის თარიღი ეგზემპლარის მიმდევრობითი ნომერი (კეტერი?) ფასის ძალაში შესვლის თარიღი ეგზემპლარის სახეობა საჯარო შენიშვნა
          ბათუმის შოთა რუსთაველის სახელმწიფო უნივერსიტეტის მთავარი ბიბლიოთეკა ბათუმის შოთა რუსთაველის სახელმწიფო უნივერსიტეტის მთავარი ბიბლიოთეკა წიგნსაცავი 2018-12-17 3.00 821.353.1.092:37.01(479.22)(092გოგებაშვილი, ი.) მ-55 56651 2018-12-17 56651 2018-12-17 წიგნი 3.00 ₾.